Statistiques concernant Morts une année terminant en 3

Cliquez ici pour prendre le quiz!

Statistiques générales

  • Ce quiz a été pris 21 fois
  • Le résultat moyen est 23 sur 65

Statistiques - réponses

AnnéeActivitéPrénomNom% Correct
Président américainJohn F.Kennedy
95%
Homme politique sud-africainNelsonMandela
89%
1963ChanteuseEdithPiaf
89%
Peintre espagnolPabloPicasso
79%
ChanteurTinoRossi
74%
IngénieurGustaveEiffel
68%
1993ChanteurLéoFerré
68%
1953
Chef d'état russeJosephStaline
68%
1983ActeurLouisDe Funès
63%
SculptriceCamilleClaudel
58%
ActriceBernadetteLafont
58%
1943RésistantJeanMoulin
58%
Coureur cyclisteLouisonBobet
53%
Actrice anglaiseAudreyHepburn
53%
1973Acteur américainBruceLee
53%
2003AnimateurGuyLux
53%
Chanteuse américaineNinaSimone
53%
Dessinateur belge-Hergé
47%
Chef cuisinierBernardLoiseau
47%
AthlèteAlainMimoun
47%
Peintre espagnolJoanMiro
47%
Acteur américainGregoryPeck
47%
ComiqueFernandRaynaud
47%
AccordéonisteAndréVerchuren
47%
Ecrivain chilienPabloNeruda
42%
ActriceMarieTrintignant
42%
Révolutionnaire mexicainPanchoVilla
42%
ClownAchilleZavatta
42%
ChanteurGeorgesMoustaki
37%
GuitaristeDjangoReinhardt
37%
AnimateurPatrickRoy
37%
AvocatJacquesVergès
37%
Homme politiquePierreBérégovoy
32%
ActriceSarahBernhardt
32%
Président de la RépubliqueAlexandreMillerand
32%
Acteur anglaisDavidNiven
32%
Danseur russeRudolfNoureev
32%
Physicien américainNikolaTesla
32%
PoèteJeanCocteau
26%
Ecrivain anglaisAldousHuxley
26%
RéalisateurJean-PierreMelville
26%
PeintreGeorgesBraque
21%
EcrivainSébastienJaprisot
21%
Président américainCalvinCoolidge
16%
AnimatriceDeniseGlaser
16%
2013ChanteuseGeorgettePlana
16%
Compositeur ukrainienSergueïProkofiev
16%
EcrivainRaymondRadiguet
16%
ChanteuseLucienneBoyer
11%
Ecrivain américainePearlBuck
11%
DanseurJacquesChazot
11%
Couturier italienGuccioGucci
11%
Pape-Jean XXIII
11%
1923EcrivainPierreLoti
11%
PeintreFrancisPicabia
11%
PhilosopheSimoneWeil
11%
ActeurHarryBaur
5%
Violoncelliste espagnolPabloCasals
5%
EcrivainAnnade Noailles
5%
ActeurGeorgesDescrières
5%
PeintreRaoulDufy
5%
ActeurJeanYanne
5%
1933Préfet de ParisLouisLépine
0%
CompositeurFrancisPoulenc
0%
Acteur américainRobertStack
0%

Distribution des résultats

Percentile par nombre de réponses

% des personnes avec chaque résultat

Votre développement - résultats

Vous n’avez pas pris ce quiz